000 00680nam a2200193 a 4500
005 20240614091533.0
008 240614t2022 my ||||| |||| 00| 0 may d
020 0 0 _a9789674818579
040 _aAKMAL
082 0 0 _a158.1088297 AIN
090 0 0 _a158.1088297
_bAIN
245 1 0 _aMotivate like Muhammad :
_bTeknik melaksanakan nilai positif dalam menguruskan dan pentadbiran /
_cAinon Mohd & Ahmad Syukri Yusoff
260 0 0 _aSelangor :
_bPublishing House Sdn. Bhd.,
_c2022
300 _axxi, 367p. :
_bill. col. ;
_c19cm
650 0 0 _aMuhammad, Prophet, -632
_99562
650 0 0 _aLeadership
_xReligious aspect
_xIslam
_99564
650 0 0 _aIslamic leadership
_92614
942 _2ddc
_cBOOK
999 _c5007
_d5007